000 00404nam a2200169Ia 4500
005 20240808010727.0
008 240331s9999 xx 000 0 und d
082 _bRED
_a306.37
245 0 _aRed light traffic :
_bThe trade in Nepali girls
260 _aNepal
_bABC/ Nepal
300 _a66 p .,
650 _aSocial
650 _aWomen
650 _aSex
700 _aAnnamanthodo,P.
_eedt
942 _cL
999 _c2924
_d2924